000 00754nam a2200265 i 4500
001 C2-0174062
003 PPAK
005 20180728094224.0
008 980903s1997 my a|||| ||||| | may d
020 _a9679027155
040 _aPPAK
_beng
_cPPAK
_erda
082 0 4 _a899.233
_2 23
090 0 0 _a899.233
_bZUR
_dK
100 0 _aZuraini Abdullah,
_eauthor
245 1 0 _aMisteri tiung kuning
264 1 _aCheras, Selangor :
_bPustaka Sistem Pelajaran ,
_c1997
300 _a62 pages :
_bcolour illustrations ;
_c19 cm
336 _2rdacontent
_atext
337 _2rdamedia
_aunmediated
338 _2rdacarrier
_avolume
490 1 _aSiri anak Malaysia
650 1 0 _aChildren's stories, Malay
830 0 _aSiri anak Malaysia
942 _ddc
_cB
999 _c155134
_d155134